[Event "Leipzig VfB op 14th"]
[Site "Leipzig"]
[Date "2007.03.24"]
[Round "8"]
[White "Abromeit, Guenter"]
[Black "Golyand, Josif"]
[Result "1/2-1/2"]
[WhiteElo "1931"]
[BlackElo "1657"]
[PlyCount "71"]
[EventDate "2007.03.20"]
[EventType "swiss"]
[EventRounds "9"]
[EventCountry "GER"]
[SourceTitle "EXT 2008"]
[Source "ChessBase"]
[SourceDate "2007.11.25"]
[SourceVersion "1"]
[SourceVersionDate "2007.11.25"]
[SourceQuality "1"]

1. e4 c6 2. d4 d5 3. e5 Bf5 4. Bd3 Bxd3 5. Qxd3 e6 6. Nf3 Ne7 7. Bg5 Qb6 8. 0-0 Qxb2 9. Nc3 Qb6 10. Rab1 Qc7 11. Ne2 h6 12. Bd2 Ng6 13. Ng3 Nd7 14. c4 Be7 15. cxd5 cxd5 16. Rfc1 Qb8 17. Rc2 0-0 18. Rbc1 Nb6 19. Rb1 Nc4 20. Bc1 b6 21. Nd2 Nxd2 22. Bxd2 Qb7 23. f4 Rfc8 24. Rbc1 Bh4 25. Nh5 Rxc2 26. Qxc2 Bd8 27. f5 exf5 28. Qxf5 Qe7 29. Rc6 Qf8 30. e6 Ne7 31. exf7+ Qxf7 32. Qxf7+ Kxf7 33. Rd6 a5 34. Nf4 Bc7 35. Rd7 Bxf4 36. Bxf4 1/2-1/2

[Event "Leipzig VfB op 14th"]
[Site "Leipzig"]
[Date "2007.03.23"]
[Round "6"]
[White "Naumann, Peter"]
[Black "Golyand, Josif"]
[Result "0-1"]
[WhiteElo "1935"]
[BlackElo "1657"]
[PlyCount "150"]
[EventDate "2007.03.20"]
[EventType "swiss"]
[EventRounds "9"]
[EventCountry "GER"]
[SourceTitle "EXT 2008"]
[Source "ChessBase"]
[SourceDate "2007.11.25"]
[SourceVersion "1"]
[SourceVersionDate "2007.11.25"]
[SourceQuality "1"]

1. d4 Nf6 2. c4 e6 3. Nc3 Bb4 4. a3 Bxc3+ 5. bxc3 c5 6. f3 0-0 7. e4 Qa5 8. Bd2 d6 9. Bd3 e5 10. Ne2 Qc7 11. d5 Re8 12. 0-0 Nbd7 13. Ng3 Nf8 14. f4 exf4 15. Bxf4 Ng6 16. Bg5 Nd7 17. Nf5 f6 18. Bf4 Nxf4 19. Rxf4 Ne5 20. Bc2 Bxf5 21. exf5 Nf7 22. Qf3 Re7 23. h4 Rae8 24. Be4 Ne5 25. Qf1 Qa5 26. Bf3 Qxc3 27. Bh5 Nf7 28. Kh2 Re1 29. Rxe1 Rxe1 30. Qf2 Qa1 31. Qc2 Rh1+ 32. Kg3 Qe1+ 33. Qf2 Qxf2+ 34. Kxf2 Ne5 35. Re4 Rc1 36. Be2 Rc3 37. Re3 Rc1 38. g4 Kf7 39. g5 Rc2 40. Kg3 Rc1 41. gxf6 Kxf6 42. Rb3 b6 43. Kf4 Nxc4 44. Rg3 Ne5 45. h5 h6 46. a4 Rb1 47. Bb5 Rb4+ 48. Ke3 Rb3+ 49. Kf4 Rxg3 50. Kxg3 Kxf5 51. Be2 Ke4 52. Bd1 Kxd5 53. Kf4 Ke6 54. Bc2 d5 55. Bf5+ Kf6 56. Bc2 a6 57. Bd1 Nd3+ 58. Ke3 Nb2 59. Bc2 Ke5 60. Kd2 Nc4+ 61. Kc3 b5 62. axb5 axb5 63. Bg6 b4+ 64. Kd3 Nd6 65. Kc2 c4 66. Kc1 d4 67. Bc2 b3 68. Bd1 Ke4 69. Kb2 Ke3 70. Kc1 Ne4 71. Bg4 Nc5 72. Kd1 c3 73. Be2 c2+ 74. Ke1 c1Q+ 75. Bd1 Qd2+ 0-1